Evaluation of the wildlife management practice of Liszt Ferenc International Airport
We investigated the wildlife strike data of years from 1997-2011 of Liszt Ferenc International Airport. The number of carcasses found on the airport increased till the year 2006, then, after a steep fall it became stabilized. Most of the strikes/found carcasses indicate presence of bird species, amo...
Elmentve itt :
| Szerzők: | |
|---|---|
| Dokumentumtípus: | Cikk |
| Megjelent: |
2012
|
| Sorozat: | Review on agriculture and rural development
1 No. 1 |
| Kulcsszavak: | Vadvédelem - Magyarország - statisztika, Budapest Liszt Ferenc nemzetközi repülőtér |
| Tárgyszavak: | |
| Online Access: | http://acta.bibl.u-szeged.hu/55196 |
| LEADER | 01723nab a2200277 i 4500 | ||
|---|---|---|---|
| 001 | acta55196 | ||
| 005 | 20240326150437.0 | ||
| 008 | 180614s2012 hu o 0|| eng d | ||
| 022 | |a 2063-4803 | ||
| 040 | |a SZTE Egyetemi Kiadványok Repozitórium |b hun | ||
| 041 | |a eng | ||
| 100 | 1 | |a Heltai Miklós | |
| 245 | 1 | 0 | |a Evaluation of the wildlife management practice of Liszt Ferenc International Airport |h [elektronikus dokumentum] / |c Heltai Miklós |
| 260 | |c 2012 | ||
| 300 | |a 278-283 | ||
| 490 | 0 | |a Review on agriculture and rural development |v 1 No. 1 | |
| 520 | 3 | |a We investigated the wildlife strike data of years from 1997-2011 of Liszt Ferenc International Airport. The number of carcasses found on the airport increased till the year 2006, then, after a steep fall it became stabilized. Most of the strikes/found carcasses indicate presence of bird species, amongst these Common Kestrel (Falco tinnunculus) and Common Buzzard (Buteo buteo) have a remarkable occurrence. In the previous five years birds’ trend suggests decreasing, whilst mammalian species’ trend shows upward tendencies. Its reason is that the continuously growing tool-collection of the utilized management methods is mainly suitable against bird species. | |
| 650 | 4 | |a Mezőgazdaság-tudományok | |
| 650 | 4 | |a Állattenyésztési és tejtermelési tudomány | |
| 695 | |a Vadvédelem - Magyarország - statisztika, Budapest Liszt Ferenc nemzetközi repülőtér | ||
| 700 | 0 | 1 | |a Markolt Ferenc |e aut |
| 700 | 0 | 1 | |a Tóth Bálint |e aut |
| 700 | 0 | 1 | |a Balázs Gergely |e aut |
| 700 | 0 | 1 | |a Grónás Viktor |e aut |
| 700 | 0 | 1 | |a Bleier Norbert |e aut |
| 856 | 4 | 0 | |u http://acta.bibl.u-szeged.hu/55196/1/agricul_review_2012_001_suppl_278-283.pdf |z Dokumentum-elérés |